Viscosity of Ga-Li Liquid Alloys; AIP Conference Proceedings; Vol. 1938 : Isotopes: Technologies, Materials and Application (ITMA-2017)

Detalles Bibliográficos
Parent link:AIP Conference Proceedings
Vol. 1938 : Isotopes: Technologies, Materials and Application (ITMA-2017).— 2018.— [020013, 5 p.]
Autor Principal: Vidyaev D. G. Dmitry Gennadievich
Autor Corporativo: Национальный исследовательский Томский политехнический университет Инженерная школа ядерных технологий Отделение ядерно-топливного цикла
Outros autores: Boretsky E. Evgeny, Verkhorubov D. Dmitriy
Summary:Title screen
The measurement of dynamic viscosity of Ga-Li liquid alloys has been performed using low-frequency vibrational viscometer at five temperatures in the range 313-353 K and four gallium-based dilute alloy compositions containing 0-1.15 at.% Li. It was found that the viscosity of the considered alloys increases with decreasing temperature and increasing lithium concentration in the above ranges. It was shown that dependence of the viscosity of Ga-Li alloys in the investigated temperature range has been described by Arrhenius equation. For this equation the activation energy of viscous flow and pre-exponential factor were calculated. This study helped to determine the conditions of the alkali metals separating process in gallam-exchange systems.
Режим доступа: по договору с организацией-держателем ресурса
Idioma:inglés
Publicado: 2018
Subjects:
Acceso en liña:https://doi.org/10.1063/1.5027220
Formato: MixedMaterials Electrónico Capítulo de libro
KOHA link:https://koha.lib.tpu.ru/cgi-bin/koha/opac-detail.pl?biblionumber=657989

MARC

LEADER 00000nla2a2200000 4500
001 657989
005 20231228153145.0
035 |a (RuTPU)RU\TPU\network\24968 
035 |a RU\TPU\network\24964 
090 |a 657989 
100 |a 20180425a2018 k y0engy50 ba 
101 0 |a eng 
105 |a y z 100zy 
135 |a drgn ---uucaa 
181 0 |a i  
182 0 |a b 
200 1 |a Viscosity of Ga-Li Liquid Alloys  |f D. G. Vidyaev, E. Boretsky, D. Verkhorubov 
203 |a Text  |c electronic 
300 |a Title screen 
320 |a [References: 15 tit.] 
330 |a The measurement of dynamic viscosity of Ga-Li liquid alloys has been performed using low-frequency vibrational viscometer at five temperatures in the range 313-353 K and four gallium-based dilute alloy compositions containing 0-1.15 at.% Li. It was found that the viscosity of the considered alloys increases with decreasing temperature and increasing lithium concentration in the above ranges. It was shown that dependence of the viscosity of Ga-Li alloys in the investigated temperature range has been described by Arrhenius equation. For this equation the activation energy of viscous flow and pre-exponential factor were calculated. This study helped to determine the conditions of the alkali metals separating process in gallam-exchange systems. 
333 |a Режим доступа: по договору с организацией-держателем ресурса 
461 0 |0 (RuTPU)RU\TPU\network\4816  |t AIP Conference Proceedings 
463 0 |0 (RuTPU)RU\TPU\network\24872  |t Vol. 1938 : Isotopes: Technologies, Materials and Application (ITMA-2017)  |o IV International Conference for Young Scientists, Post-Graduate Students and Students, 30 October–3 November 2017, Tomsk, Russia  |o [proceedings]  |f National Research Tomsk Polytechnic University (TPU) ; eds. L. Hongda, A. Yu. Godymchuk (Godimchuk), L. Rieznichenko  |v [020013, 5 p.]  |d 2018 
610 1 |a электронный ресурс 
610 1 |a труды учёных ТПУ 
610 1 |a вязкость 
610 1 |a жидкие сплавы 
610 1 |a вискозиметры 
610 1 |a уравнение Аррениуса 
610 1 |a щелочные металлы 
610 1 |a химический обмен 
610 1 |a очистка 
700 1 |a Vidyaev  |b D. G.  |c physicist  |c associate Professor of Tomsk Polytechnic University, doctor of technical Sciences  |f 1973-  |g Dmitry Gennadievich  |3 (RuTPU)RU\TPU\pers\37338  |9 20257 
701 1 |a Boretsky  |b E.  |g Evgeny 
701 1 |a Verkhorubov  |b D.  |g Dmitriy 
712 0 2 |a Национальный исследовательский Томский политехнический университет  |b Инженерная школа ядерных технологий  |b Отделение ядерно-топливного цикла  |3 (RuTPU)RU\TPU\col\23554 
801 2 |a RU  |b 63413507  |c 20180425  |g RCR 
856 4 |u https://doi.org/10.1063/1.5027220 
942 |c CF